Loading...

Tourism and generation Y /

Bibliographic Details
Format: Printed Book
Language:Undetermined
Published: Cambridge, MA : CAB International, 2010
LEADER 00454nam a2200121Ia 4500
008 141017s9999 xx 000 0 und d
020 |a 9781845936013 (alk. paper) 
082 |a 306.4/819 TOU 
245 |a Tourism and generation Y / 
260 |b CAB International,  |a Cambridge, MA :  |c 2010 
300 |a xii, 170 p. : 
999 |c 113201  |d 113201 
952 |0 0  |1 0  |4 0  |6 306_400000000000000_819_TOU  |7 0  |9 109938  |a STS  |b STS  |d 2013-11-11  |l 0  |o 306.4/819 TOU  |p STS861  |r 2014-10-17  |w 2014-10-17  |y BK